<?xml version="1.0" encoding="UTF-8"?>
<record
    xmlns:xsi="http://www.w3.org/2001/XMLSchema-instance"
    xsi:schemaLocation="http://www.loc.gov/MARC21/slim http://www.loc.gov/standards/marcxml/schema/MARC21slim.xsd"
    xmlns="http://www.loc.gov/MARC21/slim">

  <leader>01374nam a2200205 a 4500</leader>
  <controlfield tag="001">000024725</controlfield>
  <controlfield tag="005">20200930023331.0</controlfield>
  <controlfield tag="008">110127s1968    sp      r     000 j spa d</controlfield>
  <datafield tag="040" ind1=" " ind2=" ">
    <subfield code="a">DO-SdBNP</subfield>
    <subfield code="b">spa</subfield>
    <subfield code="c">BNPHU</subfield>
  </datafield>
  <datafield tag="082" ind1=" " ind2=" ">
    <subfield code="a">808.831</subfield>
    <subfield code="b">A634m, 1968</subfield>
  </datafield>
  <datafield tag="245" ind1="0" ind2="0">
    <subfield code="a">Antolog&#xED;a de las mejores novelas polic&#xED;acas /</subfield>
    <subfield code="c">selecci&#xF3;n de Jos&#xE9; A. Llorens.</subfield>
  </datafield>
  <datafield tag="250" ind1=" " ind2=" ">
    <subfield code="a">2a ed.</subfield>
  </datafield>
  <datafield tag="260" ind1=" " ind2=" ">
    <subfield code="a">Barcelona :</subfield>
    <subfield code="b">Acervo ,</subfield>
    <subfield code="c">1968.</subfield>
  </datafield>
  <datafield tag="300" ind1=" " ind2=" ">
    <subfield code="a">420 p. ;</subfield>
    <subfield code="c">20 cm.</subfield>
  </datafield>
  <datafield tag="505" ind1="0" ind2=" ">
    <subfield code="g">v.9</subfield>
    <subfield code="t">Maese Cornelius /</subfield>
    <subfield code="r">Honorato de Balzac</subfield>
    <subfield code="t">Una cama terriblemente extra&#xF1;a /</subfield>
    <subfield code="r">William Wilkie Collins</subfield>
    <subfield code="t">Por falta de pruebas /</subfield>
    <subfield code="r">William Wilkie Collins</subfield>
    <subfield code="t">Desapacion /</subfield>
    <subfield code="r">Joseph Payne Brennan</subfield>
    <subfield code="t">Adi&#xF3;s , Mr. Bliss /</subfield>
    <subfield code="r">Joseph Payne Brennan</subfield>
    <subfield code="t">Humo /</subfield>
    <subfield code="r">William Faulkner</subfield>
    <subfield code="t">Declaro abierta la sesi&#xF3;n /</subfield>
    <subfield code="r">William North Jayne</subfield>
    <subfield code="t">La zambullida /</subfield>
    <subfield code="r">Roald Dahl</subfield>
    <subfield code="t">Una coartada de dos minutos /</subfield>
    <subfield code="r">George Harmon Coxe</subfield>
    <subfield code="t">Cherchez la frame /</subfield>
    <subfield code="r">Stuart Palmer y Craig Rice</subfield>
    <subfield code="t">Una vez en un tren... /</subfield>
    <subfield code="r">Stuart Palmer y Craig Rice</subfield>
    <subfield code="t">Un asesino refinado /</subfield>
    <subfield code="r">Jack Ritchie</subfield>
    <subfield code="t">Justice, Inc. /</subfield>
    <subfield code="r">Rog Phillips</subfield>
    <subfield code="t">Mani&#xE1;tico /</subfield>
    <subfield code="r">Fredric Brown</subfield>
    <subfield code="t">El ultimo en morir /</subfield>
    <subfield code="r">Ellery Queen</subfield>
    <subfield code="t">Crimen con retorno /</subfield>
    <subfield code="r">M. A. Guerendiain</subfield>
    <subfield code="t">La pulsera /</subfield>
    <subfield code="r">Paul Sartoris</subfield>
    <subfield code="t">La casualidad vengadora /</subfield>
    <subfield code="r">Anthony Berkeley</subfield>
  </datafield>
  <datafield tag="650" ind1=" " ind2="4">
    <subfield code="a">Novela polic&#xED;aca</subfield>
    <subfield code="x">Colecciones</subfield>
    <subfield code="9">50055</subfield>
  </datafield>
  <datafield tag="650" ind1=" " ind2="4">
    <subfield code="a">Literatura</subfield>
    <subfield code="x">Colecciones</subfield>
    <subfield code="9">40253</subfield>
  </datafield>
  <datafield tag="700" ind1="1" ind2="2">
    <subfield code="a">Llorens, Jos&#xE9; A.</subfield>
    <subfield code="9">4194</subfield>
  </datafield>
  <datafield tag="910" ind1=" " ind2=" ">
    <subfield code="a">Validado. Control de calidad MFF</subfield>
  </datafield>
  <datafield tag="952" ind1=" " ind2=" ">
    <subfield code="0">0</subfield>
    <subfield code="1">0</subfield>
    <subfield code="5">0</subfield>
    <subfield code="7">1</subfield>
    <subfield code="8">MO</subfield>
    <subfield code="a">GR</subfield>
    <subfield code="b">GR</subfield>
    <subfield code="c">HD</subfield>
    <subfield code="d">2011-02-02</subfield>
    <subfield code="i">LF1</subfield>
    <subfield code="l">0</subfield>
    <subfield code="o">808.831 A634m, 1968</subfield>
    <subfield code="p">24725-10</subfield>
    <subfield code="r">2020-06-25</subfield>
    <subfield code="w">2020-06-25</subfield>
    <subfield code="y">1</subfield>
    <subfield code="Z">No se presta</subfield>
  </datafield>
  <datafield tag="999" ind1=" " ind2=" ">
    <subfield code="c">24218</subfield>
    <subfield code="d">24218</subfield>
  </datafield>
</record>
